000 01791nam0a2200397 4500
001 RU\NLR\bibl\1309232
005 20260406122219.0
010 _a978-5-9901331-3-6
021 _aRU
_b2008-85431
_94988
035 _a(NLR Aleph) 001294701
090 _a581305
_c581305
100 _a20081201d2008 |||y0rusy50 ca
101 0 _arus
102 _aRU
105 _aa dm |||||
200 1 _aГематологические синдромы в практике врача первичного звена
_e(учебно-методическое пособие)
_fГос. образоват. учреждение высш. проф. образования Ом. гос. мед. акад. Федер. агентства по здравоохранению и соц. развитию
_g[М.Н. Иванюк, к.м.н., доц. и др.]
210 _aОмск
_c[б.и.]
_d2008
215 _a88 с.
_cил.
_d21
320 _aБиблиогр.: с. 87 (14 назв.)
606 1 _aКровь
_jУчебно-методические пособия
_xБолезни
_xСиндромы
_92549775
_3RU\NLR\auth\661508885
675 _a[616.15:614.2](072)
_vudc
686 _a76.29.33
_2rugasnti
686 _a76.75.75
_2rugasnti
686 _a76.01.33
_2rugasnti
686 _aC15.378 - диагностика
_2MeSH
686 _aE02.760.106
_2MeSH
686 _aN02.421.585.106
_2MeSH
686 _aР411-32я73
702 1 _aИванюк
_bМ. Н.
_gМария Николаевна
_4220
712 0 2 _4570
_aОмская государственная медицинская академия
_9302999
_3RU\NLR\AUTH\8814854
801 0 _aRU
_bЦНМБ
_c20081201
_gPSBO
801 1 _aRU
_bЦНМБ
_c20081201
801 2 _aRU
_bNLR
_c20081217
_grcr
942 _cBOOK
980 _aNB